000 01015nam a2200313Ia 4500
003 OSt
005 20220912150253.0
006 a|||||r|||| 00| 0
007 ta
008 220909b |||||||| |||| 00| 0 eng d
020 _a0470094885 (hbd)
024 _a15345
037 _b466, 17/08/2005, Vibha Books International
037 _cTextbook
040 _aCSL
_beng
_cCSL
041 _aeng
082 _aB2T0bD:4, P5 TB
100 _aTodinov M T
245 0 _aReliability and risk models: setting reliability requirements
260 _aChichester
_bJohn Wiley & Sons Ltd.
_c2005
300 _axviii, 322p.
_ccm.
500 _aAppendix A-D, 267-306p.
_ccm.; Bibliographical references 307-312p.
_ccm.; Index 313-322p.
_ccm.
650 _a Reliability-Engineering
650 _a Risk assessment
650 _a Risk models
650 _aMathematics
942 _hB2T0bD:4, P5 TB
_cTB
_2CC
999 _c43615
_d43615